000 00446nam a22001817a 4500
003 MPLRDC
005 20220104185703.0
008 210129b ||||| |||| 00| 0 eng d
020 _a0-007160-73-9
082 _a528.21 TYN
100 _aBERNADETTE TYNAN
245 _aYOUR CHILD CAN THINK LIKE A GENIUS
_c
250 _aFIRST
260 _aLONDON
_bTHORSONS
_c2004
300 _b
650 _aPARENT ADN CHILD
942 _cBK
_o528.21 TYN
999 _c63439
_d63429